| 000 | 00930cam a2200157ua 4500 | ||
|---|---|---|---|
| 041 |
_aeng _h |
||
| 082 |
_a631.312 _bIND/TE |
||
| 100 | _aIndian standards institutio, ISI . | ||
| 110 | 1 |
_aIndian standards institution . _bISI _c() |
|
| 245 | 0 | 0 |
_aTest code for mould board ploughs,IS:6288-1971 / _cIndian standards institution. _hTextual Documents |
| 260 |
_a : _bISI , _c1972. |
||
| 300 | _a18 ; . | ||
| 504 | _a | ||
| 942 | _cBK | ||
| 999 |
_c4195 _d4195 |
||